000
00316nam a22001457a 4500
008
221011b ||||| |||| 00| 0 eng d
020
_a
9780874348705
041
_a
eng
080
_a
61
082
_a
61 ARN
100
_a
1
101
_a
MJEK
245
_a
HANDBOOK OF CLINICAL SKILLS
_c
ARNOW D
942
_2
udc
_c
BK
999
_c
58479
_d
58479